000
00344nam a22001697a 4500
020
_a
81-8204-064-7
082
_a
651
_b
YAD
100
_a
YADAV,MANOK K.
245
_a
THE WAITER
250
_a
1ST
260
_a
DELHI
_b
AMAN
_c
2011
300
_a
270
650
_a
HOTEL SERVICES
653
_a
CATERING
700
_a
BOOKS
942
_2
ddc
_c
BK
999
_c
8007
_d
8007